[Event "Ruhrgebiet Verbandsklasse Gruppe 1 1819"]
[Site "Nordrheinwestfalen"]
[Date "2019.02.03"]
[Round "6.6"]
[White "Al Ali, Mohammad"]
[Black "Riek, Wolfgang"]
[Result "1-0"]
[WhiteElo "1819"]
[BlackElo "1786"]
[PlyCount "71"]
[EventDate "2018.09.23"]
[EventType "team-tourn"]
[EventRounds "9"]
[EventCountry "GER"]
[SourceTitle "EXT 2022"]
[Source "ChessBase"]
[SourceDate "2021.10.06"]
[SourceVersion "1"]
[SourceVersionDate "2021.10.06"]
[SourceQuality "1"]
[WhiteTeam "Annen Sport Union"]
[BlackTeam "Muelheim SC"]
[WhiteTeamCountry "GER"]
[BlackTeamCountry "GER"]

1. Nf3 d5 2. e3 Nf6 3. c4 e6 4. Nc3 Bd6 5. b3 Nbd7 6. Bb2 0-0 7. Qc2 Re8 8. Ng5 Nf8 9. Bd3 dxc4 10. Bxc4 Bd7 11. Nce4 Nxe4 12. Nxe4 Be7 13. Qc3 f6 14. h4 b5 15. Be2 Rc8 16. b4 Bd6 17. Bh5 Be5 18. d4 Bd6 19. Bxe8 Bxe8 20. h5 Be7 21. h6 g6 22. Rc1 Qd5 23. f3 Nd7 24. Nc5 Nxc5 25. dxc5 Qg5 26. Kf2 Rd8 27. Rc2 Qd5 28. Bc1 Kf7 29. Rd2 Qg5 30. Rxd8 Bxd8 31. e4 Qe5 32. Qd2 Be7 33. Bb2 Qg5 34. Qxg5 fxg5 35. Rd1 Bc6 36. Be5 1-0

[Event "Ruhrgebiet Verbandsklasse Gruppe 1 1819"]
[Site "Nordrheinwestfalen"]
[Date "2018.09.23"]
[Round "1.5"]
[White "Schaedlich, Andreas"]
[Black "Riek, Wolfgang"]
[Result "1-0"]
[WhiteElo "1881"]
[BlackElo "1786"]
[PlyCount "51"]
[EventDate "2018.09.23"]
[EventType "team-tourn"]
[EventRounds "9"]
[EventCountry "GER"]
[SourceTitle "EXT 2022"]
[Source "ChessBase"]
[SourceDate "2021.10.06"]
[SourceVersion "1"]
[SourceVersionDate "2021.10.06"]
[SourceQuality "1"]
[WhiteTeam "Bergeborbeck Wacker"]
[BlackTeam "Muelheim SC"]
[WhiteTeamCountry "GER"]
[BlackTeamCountry "GER"]

1. e4 e5 2. Bc4 Nf6 3. d3 Be7 4. Nf3 d6 5. c3 Nbd7 6. 0-0 0-0 7. Nbd2 Nc5 8. b4 Ne6 9. Re1 Bd7 10. Nf1 b5 11. Bb3 a5 12. bxa5 Rxa5 13. Ng3 Nc5 14. Bc2 Be6 15. d4 Ncd7 16. d5 Bg4 17. h3 Bxf3 18. Qxf3 g6 19. Qe2 Qa8 20. Bd3 Qb7 21. Be3 c6 22. dxc6 Qxc6 23. Reb1 Rb8 24. Bd2 d5 25. exd5 Qxd5 26. c4 1-0

[Event "Ruhrgebiet Verbandsklasse Gruppe 3 1617"]
[Site "Germany"]
[Date "2016.09.25"]
[Round "2.7"]
[White "Missfelder, Magnus"]
[Black "Riek, Wolfgang"]
[Result "0-1"]
[WhiteElo "1623"]
[BlackElo "1762"]
[PlyCount "107"]
[EventDate "2016.09.04"]
[EventType "team-tourn"]
[EventRounds "9"]
[EventCountry "GER"]
[SourceTitle "EXT 2022"]
[Source "ChessBase"]
[SourceDate "2021.10.06"]
[SourceVersion "1"]
[SourceVersionDate "2021.10.06"]
[SourceQuality "1"]
[WhiteTeam "Hoentrop SG"]
[BlackTeam "Muelheim SC"]
[WhiteTeamCountry "GER"]
[BlackTeamCountry "GER"]

1. d4 d5 2. c4 e6 3. Nf3 c6 4. Nc3 Bd6 5. Bg5 Be7 6. Bf4 Nf6 7. e3 Nbd7 8. Be2 0-0 9. h3 Bb4 10. 0-0 Bxc3 11. bxc3 Ne4 12. Qc2 f5 13. cxd5 exd5 14. c4 Ndf6 15. Rab1 Qe7 16. c5 Ne8 17. Ne5 g5 18. Bg3 Ng7 19. Bf3 f4 20. Bxe4 dxe4 21. exf4 gxf4 22. Bh2 Qg5 23. g4 fxg3 24. fxg3 Rxf1+ 25. Rxf1 Bxh3 26. Re1 Bf5 27. Qe2 Rd8 28. Qd1 Ne6 29. Qb3 Qd2 30. Rd1 Qe2 31. g4 Bxg4 32. Nxg4 Qxg4+ 33. Kh1 Qf3+ 34. Qxf3 exf3 35. Be5 Kf7 36. Kg1 Nxc5 37. Rf1 Rg8+ 38. Kh1 Nd7 39. Rxf3+ Ke6 40. Bh2 Rg4 41. Bg1 Nf6 42. Kh2 Re4 43. a3 h5 44. d5+ Nxd5 45. Bxa7 Rh4+ 46. Kg3 Rg4+ 47. Kh2 Rf4 48. Rh3 Nf6 49. Bb8 Rf2+ 50. Kg3 Rc2 51. Kh4 Rc4+ 52. Kg5 Rg4+ 53. Kh6 Kf7 54. Rxh5 0-1

[Event "GER-chA Seniors 26th"]
[Site "Bad Neuenahr"]
[Date "2014.08.11"]
[Round "7"]
[White "Kahn, Peter"]
[Black "Riek, Wolfgang"]
[Result "1-0"]
[WhiteElo "2126"]
[BlackElo "2001"]
[PlyCount "95"]
[EventDate "2014.08.05"]
[EventType "swiss"]
[EventRounds "9"]
[EventCountry "GER"]
[SourceTitle "EXT 2018"]
[Source "ChessBase"]
[SourceDate "2017.10.13"]
[SourceVersion "1"]
[SourceVersionDate "2017.10.13"]
[SourceQuality "1"]

1. e4 c5 2. c3 d6 3. d4 cxd4 4. cxd4 Nc6 5. Nf3 Nf6 6. Nc3 Bg4 7. Be2 e6 8. 0-0 Be7 9. d5 exd5 10. exd5 Bxf3 11. Bxf3 Ne5 12. Be2 0-0 13. f4 Ng6 14. Be3 Re8 15. Bd4 Nd7 16. Bb5 a6 17. Bxd7 Qxd7 18. Qd3 f5 19. Ne2 Bh4 20. g3 Bf6 21. Bxf6 gxf6 22. Nd4 Re4 23. g4 Nxf4 24. Qg3 Rxd4 25. Rxf4 Rxf4 26. gxf5+ Kf7 27. Qxf4 Rg8+ 28. Kh1 Rg5 29. Rf1 Qb5 30. Qf3 Qxb2 31. h4 Rg8 32. Re1 Kg7 33. Rg1+ Kh8 34. Rxg8+ Kxg8 35. Qg3+ Kf7 36. Qxd6 Qb1+ 37. Kg2 Qxa2+ 38. Kf3 Qb3+ 39. Kg4 Qd1+ 40. Kf4 Qd4+ 41. Kf3 Qc3+ 42. Kg4 Qc8 43. Qe6+ Qxe6 44. fxe6+ Ke7 45. Kf5 b5 46. d6+ Kxd6 47. Kxf6 b4 48. e7 1-0

[Event "Hessen-ch Seniors op 10th"]
[Site "Bad Sooden-Allendorf"]
[Date "2014.04.28"]
[Round "3"]
[White "Kirschneck, Erich"]
[Black "Riek, Wolfgang"]
[Result "1-0"]
[WhiteElo "2121"]
[BlackElo "2011"]
[PlyCount "87"]
[EventDate "2014.04.26"]
[EventType "swiss"]
[EventRounds "9"]
[EventCountry "GER"]
[SourceTitle "EXT 2018"]
[Source "ChessBase"]
[SourceDate "2017.10.13"]
[SourceVersion "1"]
[SourceVersionDate "2017.10.13"]
[SourceQuality "1"]

1. c4 c5 2. Nc3 Nf6 3. Nf3 e6 4. d4 cxd4 5. Nxd4 Bb4 6. Bd2 Nc6 7. Nb3 d5 8. e3 0-0 9. a3 dxc4 10. Bxc4 Ne5 11. Be2 Be7 12. Nd4 Bd7 13. 0-0 Nc6 14. Nf3 Rc8 15. b4 a6 16. Qb3 Na7 17. Rfd1 b5 18. e4 Bc6 19. Be3 Qc7 20. Rac1 Qb7 21. Bd3 Ra8 22. Qb1 h6 23. Ne5 Bd6 24. Bd4 Rfc8 25. Qc2 Nd7 26. Nxd7 Bxd7 27. e5 Be7 28. Be4 Bc6 29. Qe2 Bxe4 30. Nxe4 Rxc1 31. Rxc1 Rc8 32. Bc5 Qc7 33. Rd1 Nc6 34. Bd6 Qa7 35. Nc5 Bd8 36. Qg4 Ne7 37. Bxe7 Bxe7 38. Nxe6 g6 39. Nc5 Re8 40. Rd7 Qb6 41. e6 h5 42. Qf4 fxe6 43. Qe5 Bf8 44. Qf6 1-0

[Event "NRW Verbandsklasse Group3 1314"]
[Site "Nordrheinwestfalen"]
[Date "2014.04.06"]
[Round "9.6"]
[White "Riek, Wolfgang"]
[Black "Dekhtyaryuk, Dimitri"]
[Result "0-1"]
[WhiteElo "1804"]
[BlackElo "1854"]
[PlyCount "92"]
[EventDate "2013.09.08"]
[EventType "team-tourn"]
[EventRounds "9"]
[EventCountry "GER"]
[SourceTitle "EXT 2020"]
[Source "ChessBase"]
[SourceDate "2019.10.17"]
[SourceVersion "1"]
[SourceVersionDate "2019.10.17"]
[SourceQuality "1"]
[WhiteTeam "Muelheim SC"]
[BlackTeam "Eichlinghofen SV"]
[WhiteTeamCountry "GER"]
[BlackTeamCountry "GER"]

1. Nf3 c5 2. d4 Nf6 3. Nc3 d5 4. e3 e6 5. dxc5 Bxc5 6. Be2 Nc6 7. a3 0-0 8. 0-0 a6 9. Nd4 e5 10. Nxc6 bxc6 11. b4 Bb6 12. Na4 Bc7 13. Nc5 e4 14. Bb2 Qd6 15. g3 a5 16. Bd4 Bh3 17. Re1 Rfb8 18. c3 Nd7 19. Bg4 Nxc5 20. Bxh3 Ne6 21. Bxe6 Qxe6 22. f4 exf3 23. Qxf3 Be5 24. Qh5 Bf6 25. Qf3 Be5 26. Rf1 Rf8 27. Rae1 axb4 28. axb4 Bxd4 29. exd4 Qg6 30. Re5 Ra2 31. Rfe1 Qh6 32. R1e2 Rxe2 33. Qxe2 Qc1+ 34. Qe1 Qc2 35. Re7 h6 36. Rc7 Ra8 37. Qf2 Ra1+ 38. Kg2 Qe4+ 39. Kh3 Qe6+ 40. g4 Rc1 41. Qd2 h5 42. Qg5 Rxc3+ 43. Kg2 Qe2+ 44. Kg1 Qe1+ 45. Kg2 Rc2+ 46. Kh3 Qf1+ 0-1

[Event "Ruhrgebiet-ch Seniors 18th"]
[Site "Essen"]
[Date "2011.04.12"]
[Round "8"]
[White "Hansen, Friedhelm"]
[Black "Riek, Wolfgang"]
[Result "1/2-1/2"]
[WhiteElo "1731"]
[BlackElo "1842"]
[PlyCount "81"]
[EventDate "2011.03.28"]
[EventType "swiss"]
[EventRounds "9"]
[EventCountry "GER"]
[SourceTitle "EXT 2012"]
[Source "ChessBase"]
[SourceDate "2011.11.24"]
[SourceVersion "1"]
[SourceVersionDate "2011.11.24"]
[SourceQuality "1"]

1. e4 c5 2. Nf3 d6 3. Nc3 Nf6 4. Bb5+ Bd7 5. Bxd7+ Qxd7 6. 0-0 Nc6 7. d4 cxd4 8. Nxd4 g6 9. Re1 Bg7 10. Nxc6 bxc6 11. e5 dxe5 12. Rxe5 Nd5 13. Re1 Nxc3 14. Qxd7+ Kxd7 15. bxc3 Bxc3 16. Rd1+ Ke6 17. Rb1 Rhd8 18. Be3 Be5 19. Re1 Kf6 20. h4 Kg7 21. Bc5 f6 22. Rb7 Re8 23. Bxe7 Kg8 24. Rd1 Reb8 25. Rdd7 Rxb7 26. Rxb7 f5 27. Kf1 Bd4 28. f3 Rc8 29. g4 fxg4 30. fxg4 Bb6 31. Bf6 Rc7 32. Rxc7 Bxc7 33. h5 Kf7 34. Bc3 gxh5 35. gxh5 Ke6 36. Kg2 Kf5 37. Kf3 Bd6 38. Bd2 Bf8 39. c4 Bc5 40. a4 a6 41. Bf4 1/2-1/2

[Event "GER-ch Seniors 22nd"]
[Site "Berlin"]
[Date "2010.08.24"]
[Round "9"]
[White "Riek, Wolfgang"]
[Black "Thieme, Wolfgang"]
[Result "1/2-1/2"]
[WhiteElo "1846"]
[BlackElo "1731"]
[PlyCount "74"]
[EventDate "2010.08.16"]
[EventType "swiss"]
[EventRounds "9"]
[EventCountry "GER"]
[SourceTitle "CBM 138 Extra"]
[Source "ChessBase"]
[SourceDate "2010.10.29"]
[SourceVersion "1"]
[SourceVersionDate "2010.10.29"]
[SourceQuality "1"]

1. d4 Nf6 2. Nf3 g6 3. c4 Bg7 4. Nc3 d5 5. Bf4 c6 6. e3 Bf5 7. h3 Qa5 8. Qd2 0-0 9. Be2 Rd8 10. 0-0 Nbd7 11. Nxd5 Qxd2 12. Nxf6+ Bxf6 13. Nxd2 e5 14. dxe5 Nxe5 15. e4 Be6 16. Rac1 Rd7 17. b3 Rad8 18. Rc2 g5 19. Be3 g4 20. hxg4 Bxg4 21. f3 Be6 22. g3 Bh3 23. Re1 Be6 24. Kg2 b6 25. f4 Ng4 26. Bxg4 Bxg4 27. e5 Be7 28. Nf3 Rd3 29. Nh2 Bf5 30. Rce2 Be4+ 31. Kf2 Bb4 32. Rf1 R3d7 33. Bxb6 axb6 34. Rxe4 Rd2+ 35. Kg1 Bc5+ 36. Kh1 Rxa2 37. Nf3 Rd3 1/2-1/2

[Event "Ruhrgebiet VK2 0910"]
[Site "Ruhrgebiet"]
[Date "2009.09.06"]
[Round "1.8"]
[White "Bauer, Volker"]
[Black "Riek, Wolfgang"]
[Result "0-1"]
[WhiteElo "1625"]
[BlackElo "1853"]
[PlyCount "84"]
[EventDate "2009.09.06"]
[EventType "team"]
[EventRounds "9"]
[EventCountry "GER"]
[SourceTitle "EXT 2011"]
[Source "ChessBase"]
[SourceDate "2010.11.26"]
[SourceVersion "1"]
[SourceVersionDate "2010.11.26"]
[SourceQuality "1"]
[WhiteTeam "Essen Werden"]
[BlackTeam "Muelheim"]
[WhiteTeamCountry "GER"]
[BlackTeamCountry "GER"]

1. e4 e5 2. Nf3 d6 3. d4 Nd7 4. Bc4 Be7 5. Nc3 Ngf6 6. Bg5 c6 7. dxe5 dxe5 8. Qe2 b5 9. Bb3 a5 10. a4 b4 11. Na2 Qc7 12. 0-0 Ba6 13. Bc4 Bxc4 14. Qxc4 Nb6 15. Qe2 Nxa4 16. b3 Nb6 17. Nc1 h6 18. Be3 c5 19. Qb5+ Nbd7 20. Nd3 0-0 21. Rfe1 Rfb8 22. Qa4 Nxe4 23. Bd2 Nxd2 24. Nxd2 f5 25. Nc4 Bf6 26. Rad1 Rd8 27. h3 e4 28. Nf4 Qxf4 29. Rxd7 Bd4 30. Ne3 Qg5 31. Rxd8+ Rxd8 32. Qc6 Rf8 33. Qe6+ Kh8 34. g3 Rf6 35. Qe8+ Kh7 36. h4 Qg6 37. Qxg6+ Kxg6 38. Nc4 Ra6 39. Kg2 a4 40. bxa4 Rxa4 41. Nb6 Ra2 42. Re2 b3 0-1

[Event "GER-ch Seniors 21st"]
[Site "Dresden"]
[Date "2009.08.08"]
[Round "7"]
[White "Riek, Wolfgang"]
[Black "Schumacher, Horst"]
[Result "0-1"]
[WhiteElo "2062"]
[BlackElo "1853"]
[PlyCount "112"]
[EventDate "2009.08.03"]
[EventType "swiss"]
[EventRounds "9"]
[EventCountry "GER"]
[SourceTitle "CBM 131 Extra"]
[Source "ChessBase"]
[SourceDate "2009.09.03"]
[SourceVersion "2"]
[SourceVersionDate "2009.09.16"]
[SourceQuality "1"]

1. d4 d5 2. Nf3 c6 3. Nbd2 Nf6 4. c4 e6 5. e3 Nbd7 6. Bd3 Be7 7. 0-0 0-0 8. a3 Qc7 9. b4 e5 10. cxd5 Nxd5 11. Bb2 exd4 12. Bxd4 Bf6 13. Qc2 h6 14. Rac1 a6 15. Be4 Bxd4 16. exd4 N7f6 17. Ne5 Be6 18. Ndf3 Rad8 19. Rfe1 Rfe8 20. Qc5 Nf4 21. Qc2 Bd5 22. Bxd5 Rxd5 23. g3 Ne6 24. Rcd1 Red8 25. Qc3 Qb6 26. Nc4 Qa7 27. Ne3 R5d7 28. Nf5 Nd5 29. Qc1 Ne7 30. Nxe7+ Rxe7 31. Re5 Red7 32. Qe3 Rd5 33. Rxe6 fxe6 34. Qxe6+ Kh7 35. Re1 Rxd4 36. Qf5+ Kg8 37. Ne5 Rf8 38. Qe6+ Kh7 39. Qg6+ Kg8 40. Re2 b5 41. Qe6+ Kh7 42. Nxc6 Rd1+ 43. Kg2 Qf7 44. Qe4+ Qf5 45. Qe3 Qd5+ 46. Qe4+ Qxe4+ 47. Rxe4 Rd2 48. Rf4 Rxf4 49. gxf4 Rd3 50. Nb8 Rxa3 51. f3 a5 52. bxa5 Rxa5 53. Nc6 Ra4 54. f5 Rf4 55. Kf2 b4 56. Ke3 b3 0-1

[Event "GER-ch Seniors 21st"]
[Site "Dresden"]
[Date "2009.08.07"]
[Round "5"]
[White "Riek, Wolfgang"]
[Black "Weber, Bernd"]
[Result "0-1"]
[WhiteElo "2062"]
[BlackElo "2153"]
[PlyCount "50"]
[EventDate "2009.08.03"]
[EventType "swiss"]
[EventRounds "9"]
[EventCountry "GER"]
[SourceTitle "CBM 131 Extra"]
[Source "ChessBase"]
[SourceDate "2009.09.03"]
[SourceVersion "2"]
[SourceVersionDate "2009.09.16"]
[SourceQuality "1"]

1. d4 d5 2. Nf3 Nf6 3. c4 c6 4. e3 Bg4 5. cxd5 cxd5 6. Nc3 Nbd7 7. Bd2 e6 8. Rc1 Be7 9. Be2 0-0 10. 0-0 Rc8 11. a3 Nb6 12. Ne5 Bxe2 13. Qxe2 Nfd7 14. Nxd7 Qxd7 15. Qb5 Qxb5 16. Nxb5 a6 17. Rc7 Rxc7 18. Nxc7 Nc4 19. Bb4 Bxb4 20. axb4 Rc8 21. Rc1 Nxb2 22. Rc5 Nd3 23. Nxe6 Nxc5 24. Nxc5 b6 25. Nd3 Rc3 0-1

[Event "GER-ch Seniors 21st"]
[Site "Dresden"]
[Date "2009.08.03"]
[Round "1"]
[White "Riek, Wolfgang"]
[Black "Goy, Udo"]
[Result "0-1"]
[WhiteElo "2062"]
[BlackElo "2228"]
[PlyCount "60"]
[EventDate "2009.08.03"]
[EventType "swiss"]
[EventRounds "9"]
[EventCountry "GER"]
[SourceTitle "CBM 131 Extra"]
[Source "ChessBase"]
[SourceDate "2009.09.03"]
[SourceVersion "2"]
[SourceVersionDate "2009.09.16"]
[SourceQuality "1"]

1. d4 Nf6 2. Nf3 e6 3. c4 b6 4. Nc3 Bb4 5. Bd2 Bb7 6. e3 0-0 7. Bd3 d5 8. cxd5 exd5 9. 0-0 Nbd7 10. Qb3 c5 11. Be2 Qe7 12. dxc5 Bxc5 13. Rfd1 Rad8 14. Nd4 Ne5 15. Nf3 Ng6 16. Nb5 Ne4 17. Nbd4 f5 18. g3 Kh8 19. a3 Nxd2 20. Rxd2 h6 21. Bd3 Ne5 22. Nxe5 Qxe5 23. Nf3 Qf6 24. Be2 d4 25. exd4 Bxd4 26. Rad1 Bc5 27. Rxd8 Rxd8 28. Rxd8+ Qxd8 29. Ne5 Qd4 30. Nd3 Qe4 0-1